Fake Presidents of the CML Quiz Stats

Quiz not verified by Sporcle

Challenge
Share
Tweet
Embed
Score 0/114 Timer 10:00
0 Plays Today
Vice President President % Correct
George W. BushBarack Obama
85.7%
Edwin AlmanzaColin Carrey
57.1%
Meryl StreepGeorge Clooney
42.9%
Alena MellemaLukus Little
42.9%
Emily HemstreetWilliam Terry Treman
42.9%
Jeremy IronsRalph Fiennes
42.9%
Chuck NorrisConner M. Leach
42.9%
Dominic MohaganSamuel L. Jackson
42.9%
Tom FeltonAshleigh Erica Brog
42.9%
Zach GresslerBlaire Brown
42.9%
Michael KeatonChristian Bale
42.9%
Vinnie JonesJulian McMahon
42.9%
Samuel L. JacksonBilly Dee Williams
42.9%
Jason ChronisterRichard Worden
42.9%
Jessica WordenBen Conley
42.9%
Michael GambonRalph Fiennes
42.9%
Mark HamillDwayne Johnson
42.9%
Ken MienkeRichard Worden
42.9%
Tom GriswauldConner M. Leach
42.9%
Conner M. LeachKara Sutphin
42.9%
Kara Sutphin
42.9%
Cecilia LopezKatt Williams
42.9%
Cate GilmanTom Felton
42.9%
Cecilia LopezKara Sutphin
42.9%
Thomas GammansCecilia Lopez
42.9%
Ian SpectorChuck Norris
42.9%
Richard Dean AndersonChuck Norris
42.9%
Christopher PaoliniGeorge Lopez
42.9%
Dwayne Johnson
42.9%
James CaseyJustin Johnson
42.9%
Steve BurtonRalph Fiennes
42.9%
Eddie MurphyTim Burton
42.9%
Kristen StewartChris Evans
28.6%
Robin WilliamsWill Smith
28.6%
Saimi AppelRob Butler
28.6%
Amber MitchellMena VonGethicker
28.6%
Alaina GransdenAmber Mitchell
28.6%
Sam VosMena VonGethicker
28.6%
Vice President President % Correct
Nicole TatumNicole Hills
28.6%
Andy SambergJon Krzykwa
28.6%
Susan MerrillMorgan Kamp
28.6%
Jim CarreyJack Nicholson
28.6%
Taylor LautnerJeremy Irons
28.6%
Sean BeanOrlando Bloom
28.6%
Jon CryerStephen King
28.6%
Emily KotarskiLindsey Knoth-Rodenburg
28.6%
Robert Downey, Jr.Justin Wolthies
28.6%
Rachel JohnsonGarrett Phillips
28.6%
Lindsay EstepNicole Hills
28.6%
Mark HamillDaniel Radcliffe
28.6%
Howie MendelKristen Stewart
28.6%
Blaire BrownRob Butler
28.6%
Will SmithChris Evans
28.6%
Mark CurleyDaniel Radcliffe
28.6%
Mary EarlyHope VandenBos
28.6%
Melissa MoensChris Mitchell
28.6%
John CenaMark Callaway
28.6%
Ashley DominguezTommy Solomon
28.6%
Arnold SchwarzeneggerJack Nicholson
28.6%
Vin DieselKristen Stewart
28.6%
Ashley GreeneNikki Reed
28.6%
Jim CarreyRyan Reynolds
14.3%
Jason AcunaChristopher Lee
14.3%
Arnold SchwarzeneggerTobey Maguire
14.3%
Georgie CarterTimothy Stopka
14.3%
Mark HamillHugh Jackman
14.3%
George H. W. BushJim Rinck
14.3%
Emily HemstreetAlaina Gransden
14.3%
Wesley SnipesIan McKellen
14.3%
Barack ObamaHugh Jackman
14.3%
Rupert GrintHugh Heffner
14.3%
James CaseyHeather Fitzgerald
14.3%
Val KilmerMichael Keaton
14.3%
Orlando BloomJohnny Depp
14.3%
Barack ObamaTim Coburn
14.3%
Janelle Lynn SmithAlicia Mancio
14.3%
Vice President President % Correct
Bradley CooperNeil Patrick Harris
14.3%
Alex GoodrichEric Bronson-Nims
14.3%
Jordan LeachAaron Rodenburg
14.3%
Melissa MoensJesus Herrera
14.3%
Will SmithTobey Maguire
14.3%
Tom SelleckPierce Brosnon
0%
Tim CurrayNicolas Cage
0%
Shaun WhiteAngelina Jolie
0%
Scarlet JohansonBret Michaels
0%
Jennifer LopezChevy Chase
0%
Eric AlvarezSam Vos
0%
Paradise McLainAshley Dominguez
0%
Rey MysterioRosa Aguillon
0%
Will SmithVin Diesel
0%
Kerri CochranSteny Hoyer
0%
Krystal ConleyMarshall Mathers III
0%
Jazmen HueyKelci Gessner
0%
Michael VickA. J. Tipton
0%
Samuel L. JacksonDavid Hasselhoff
0%
Ben StillerMike Vallely
0%
Sean ConneryWill Ferrel
0%
Jessica AlbaVerne Troyer
0%
Georgie CarterMadeline O'Brien
0%
Nicole HillsNicole Tatum
0%
Jessica WordenChristina Alonso
0%
Katt ClarkCate Gilman
0%
William Terry TremanJulie Tuuk
0%
Katt ClarkHayley Slattery
0%
Kayla SolomonKiana Mansfield
0%
Martin SheenJosh Hahn
0%
Frankie MunezVin Diesel
0%
Zach ZeiboldStevie Iden
0%
Eunice GuillenTia Barnes
0%
Adam YoungMatthew Thiessen
0%
Kevin BaconDavid Draiman
0%
Sam RockwellZac Efron
0%
Will SmithMichael Gambon
0%
Phil CollinsDavid Draiman
0%

You're not logged in!

Compare scores with friends on all Sporcle quizzes.
Sign Up with Email
OR
Log In

You Might Also Like...

Show Comments

Extras

Top Quizzes Today


Score Distribution

Your Account Isn't Verified!

In order to create a playlist on Sporcle, you need to verify the email address you used during registration. Go to your Sporcle Settings to finish the process.

Report this User

Report this user for behavior that violates our Community Guidelines.

Details: